000 00611nam a2200181 i 4500
001 115716
003 ES-MaACL
005 20230906190536.0
007 t|
008 070508q19001920fr ||||1| fre d
100 1 _aCongre, Sébastien.
_940175
245 1 4 _aLes poèmes de Ts'in Pao /
_ctraduits du chinois par Sébastien Congre ; et illustrés par René Gabriel.
260 _a[Paris?] :
_bLa Renaissance du Livre,
_c[19-?]
300 _a104 p., 4 lám. :
_bil. ;
_c16 cm.
500 _aEl personaje Ts'in Pao es ficticio a todas luces.
700 1 _aGabriel, René.
_953153
852 _aES-MaACL
_jF-1093
999 _c115716
_d115716